Organización de computadores (Registro nro. 1617)
[ vista simple ]
| 000 -CABECERA | |
|---|---|
| campo de control de longitud fija | 01153ata a2200385 4500 |
| 005 - FECHA Y HORA DE ACTUALIZACIÓN | |
| campo de control | 20230602184635.0 |
| 008 - LONGITUD FIJA | |
| campo de control de longitud fija | 150703b2003 xxu||||| |||| 00| 0 spa d |
| 041 ## - IDIOMA | |
| Código de idioma del texto/pista de sonido o título separado | Español |
| 082 ## - CLASIFICACIÓN DECIMAL DEWEY | |
| Número de clasificación | 004.22 H198o |
| 100 ## - AUTOR PERSONAL | |
| Nombre de persona | Hamacher, Carl |
| 100 ## - AUTOR PERSONAL | |
| Nombre de persona | Vranesic, Zvonko |
| 100 ## - AUTOR PERSONAL | |
| Nombre de persona | Zaky, Safwat |
| 245 ## - TÍTULO PROPIAMENTE DICHO | |
| Título | Organización de computadores |
| 250 ## - EDICIÓN | |
| Mención de edición | 5 edición |
| 260 ## - PIE DE IMPRENTA | |
| Lugar de publicación, distribución, etc. | España |
| Nombre del editor, distribuidor, etc. | McGraw-Hill |
| Fecha de publicación, distribución, etc. | 2003 |
| 300 ## - DESCRIPCIÓN FÍSICA | |
| Extensión | 804 páginas |
| 650 ## - Materia General | |
| Materia general | ORGANIZACIÓN DE COMPUTADORAS |
| 650 ## - Materia General | |
| Materia general | LÓGICA |
| 650 ## - Materia General | |
| Materia general | ESTRUCTURA DE COMPUTADORAS |
| 650 ## - Materia General | |
| Materia general | PROGRAMAS |
| 650 ## - Materia General | |
| Materia general | LENGUAJE ENSAMBLADOR |
| 650 ## - Materia General | |
| Materia general | MICROPROCESADORES ARM |
| 650 ## - Materia General | |
| Materia general | MICROPROCESADORES MOTOROLA |
| 650 ## - Materia General | |
| Materia general | MICROPROCESADORES INTEL |
| 650 ## - Materia General | |
| Materia general | PENTIUM |
| 650 ## - Materia General | |
| Materia general | ORGANIZACIÓN |
| 650 ## - Materia General | |
| Materia general | SISTEMA DE MEMORIA |
| 650 ## - Materia General | |
| Materia general | ARITMÉTICA |
| 650 ## - Materia General | |
| Materia general | PROCESAMIENTOS |
| 650 ## - Materia General | |
| Materia general | SEGMENTACIÓN DE CAUCE |
| 650 ## - Materia General | |
| Materia general | PERIFÉRICOS |
| 650 ## - Materia General | |
| Materia general | REDES |
| 650 ## - Materia General | |
| Materia general | CIRCUITOS LÓGICOS |
| 942 ## - Punto de Acceso Adicional Koha | |
| Tipo de ítem Koha | Libro |
| Estado perdido | Estado dañado | No para préstamo | Biblioteca permanente | Biblioteca actual | Signatura completa | Código de barras | Precio efectivo a partir del | Tipo de ítem |
|---|---|---|---|---|---|---|---|---|
| Departamento de Biblioteca y Documentación Alfonso Chase Brenes | Departamento de Biblioteca y Documentación Alfonso Chase Brenes | 004.22 H198o | 10614 | 11/08/2016 | Libro |